Déficit de la izquierda y radicalización cristiana en América Latina /

Đã lưu trong:
Chi tiết về thư mục
Tác giả chính: Kapsan, Marcos
Định dạng: Texto
Các nhãn: Thêm thẻ
Không có thẻ, Là người đầu tiên thẻ bản ghi này!

MARC

LEADER 00000 a a2200000 04500
001 10946
003
040
100 |a Kapsan, Marcos  
245 |a Déficit de la izquierda y radicalización cristiana en América Latina /  |c Marcos Kapsan  
773 |g número 36; páginas 5-13  
999 |c 20957  |d 20957